State and national statutes affecting Texas railroads /

Bibliographic Details
Corporate Authors: Texas, United States
Other Authors: Glass, Hiram
Format: Book
Language:English
Published: [Austin?], [publisher not identified] ; [1914]
Subjects:

MARC

Tag First Indicator Second Indicator Subfields
LEADER 00000cam a2200000 4500
001 in00000083722
005 20190207093446.0
008 761110s1914 txu 00000 eng
010 |a a 16000550  
035 |a (OCoLC)02551677 
035 |9 AAH6424AM 
040 |a DLC  |c IKM  |d TXA  |d UtOrBLW 
049 |a TXAS  |c [73232] 
090 |a TF145  |b .T49 1914 
092 |a 385  |b T35s 
110 1 |a Texas. 
240 1 0 |a Laws 
245 1 0 |a State and national statutes affecting Texas railroads /  |c Comp. by Hiram Glass ... 
264 1 |a [Austin?],  |b [publisher not identified] ;  |c [1914] 
300 |a 226 pages ;  |c 26 cm. 
336 |a text  |b txt  |2 rdacontent 
337 |a unmediated  |b n  |2 rdamedia 
338 |a volume  |b nc  |2 rdacarrier 
500 |a The Cushing Library/Chapman Texas Collection copy is part of the Floyd & Louise Chapman Texas & Borderlands Collection.  |5 TXA 
500 |a Title from Bureau of Railway Economics. 
650 0 |a Railroad law  |z Texas. 
700 1 |a Glass, Hiram. 
710 1 |a United States.  |t Laws. 
999 |a MARS 
999 f f |s ff635b35-1245-3385-8058-1b4dd0a52343  |i 4dc26759-2304-3659-af48-f348ad849e21  |t 0 
952 f f |p noncirc  |a Texas A&M University  |b College Station  |c Cushing Memorial Library & Archives  |d Cushing: Chapman Texas Collection (Does not check out)  |t 0  |e TF145 .T49 1914  |h Library of Congress classification  |i unmediated -- volume 
998 f f |a TF145 .T49 1914  |t 0  |l Cushing: Chapman Texas Collection (Does not check out)